000 00661nam a2200265Ia 4500
005 20260306163552.0
008 008 260114s9999 xx 000 0 eng d
020 _a9781683402350
037 _aEBOOK
040 _aCRL
040 _beng
040 _cCRL
041 _2eng
041 _aeng
084 _qCRL
100 _aHarmer, Martín Álvarez
_91128908
245 0 _aToward A Global History Of Latin America's Revolutionary Left
260 _bUniversity Press of Florida
260 _c2021
650 _aSocial Work
856 _uhttps://academic.oup.com/book/37682
942 _cEBOOK
999 _c1710625
_d1710625